<The> main characteristics of the Stability and Growth Pact

Pakt stability a rastu, jeho stručná história. Medzinárodné pravidlá a ich ospravedlnenie. Kritické názory na Pakt stability a rastu. Pakt stability a rastu verzus nové členské štáty EÚ, ako napr. Slovensko.

Guardado en:
Detalles Bibliográficos
Autor principal: Lisý, Ján
Otros Autores: Lisý, Peter
Formato: Capítulo de libro
Lenguaje:inglés
Materias:
Etiquetas: Agregar Etiqueta
Sin Etiquetas, Sea el primero en etiquetar este registro!

MARC

LEADER 00000naa$a2200000$$$4500
001 0143082
005 20240502083331.3
041 0 |a eng 
044 |a PL 
245 1 0 |a <The> main characteristics of the Stability and Growth Pact  |c Ján Lisý, Peter Lisý 
520 |a Pakt stability a rastu, jeho stručná história. Medzinárodné pravidlá a ich ospravedlnenie. Kritické názory na Pakt stability a rastu. Pakt stability a rastu verzus nové členské štáty EÚ, ako napr. Slovensko. 
610 2 0 |a stabilita hospodárstva 
610 2 0 |a rast hospodársky 
610 2 0 |a spolupráca medzinárodná 
610 2 0 |a Rada Európy 
610 2 0 |a Európska únia 
100 1 |a Lisý, Ján 
700 1 |a Lisý, Peter